000 00419nam a2200169 4500
003 OSt
008 241005b |||||||| |||| 00| 0 eng d
020 _a9789349726017
041 _amal
082 _a894.8123
_bBAL/NA
100 _aBalakrishnan, C.V.
_96291
245 _aNavarasakathakal /
260 _aThiruvananthapuram :
_bChintha Publishers,
_c2022.
300 _a128p.
650 _aStories
_96292
942 _cBK
999 _c18115
_d18115